[Event "SVK-chT3B2 1920"]
[Site "Slovakia"]
[Date "2020.02.02"]
[Round "7.5"]
[White "Ficel, Viliam"]
[Black "Tomko, Michal"]
[Result "1-0"]
[WhiteElo "1620"]
[BlackElo "1747"]
[PlyCount "105"]
[EventDate "2019.10.06"]
[EventType "team-tourn"]
[EventRounds "11"]
[EventCountry "SVK"]
[SourceTitle "CBM 195 Extra"]
[Source "ChessBase"]
[SourceDate "2020.05.31"]
[SourceVersion "1"]
[SourceVersionDate "2020.05.31"]
[SourceQuality "1"]
[WhiteTeam "Lehota pod Vtacnikom"]
[BlackTeam "Dubnica nad Vahom IV"]
[WhiteTeamCountry "SVK"]
[BlackTeamCountry "SVK"]

1. e4 d5 2. exd5 Qxd5 3. Nc3 Qa5 4. d3 c6 5. Bd2 Bf5 6. Nf3 e6 7. a3 Nf6 8. Ne4 Qd8 9. Nxf6+ Qxf6 10. Bc3 Qd8 11. Be2 Nd7 12. 0-0 Qc7 13. Re1 h6 14. Nh4 Bh7 15. Bh5 Rg8 16. Rxe6+ Be7 17. Qe2 Nc5 18. Be5 Qd7 19. Rxe7+ Qxe7 20. Re1 0-0-0 21. Bg4+ Ne6 22. Nf5 Bxf5 23. Bxf5 g6 24. Bh3 Rge8 25. Qe3 b6 26. Qf3 Kb7 27. Bf6 Qf8 28. Bxd8 Nxd8 29. Rxe8 Qxe8 30. g3 f5 31. Kf1 Qe5 32. c3 a5 33. Bg2 h5 34. Qe3 Qd6 35. h4 Ne6 36. d4 f4 37. Qf3 fxg3 38. fxg3 Nd8 39. Kf2 b5 40. Qf4 Qe6 41. Be4 Qb3 42. Qd2 Qf7+ 43. Kg2 Ne6 44. d5 Nd8 45. Qd3 Kb6 46. dxc6 Nxc6 47. Qd6 Qc4 48. Qxg6 Qe2+ 49. Kh3 Qc4 50. Bxc6 Kc7 51. Bf3 Qf1+ 52. Bg2 Qd1 53. Qc6+ 1-0

[Event "SVK-chT3B2 1920"]
[Site "Slovakia"]
[Date "2019.12.08"]
[Round "5.5"]
[White "Ficel, Viliam"]
[Black "Sunal, Jan"]
[Result "1/2-1/2"]
[WhiteElo "1620"]
[BlackElo "1721"]
[PlyCount "26"]
[EventDate "2019.10.06"]
[EventType "team-tourn"]
[EventRounds "11"]
[EventCountry "SVK"]
[SourceTitle "CBM 194 Extra"]
[Source "ChessBase"]
[SourceDate "2020.03.31"]
[SourceVersion "1"]
[SourceVersionDate "2020.03.31"]
[SourceQuality "1"]
[WhiteTeam "Lehota pod Vtacnikom"]
[BlackTeam "Bojnice"]
[WhiteTeamCountry "SVK"]
[BlackTeamCountry "SVK"]

1. e4 e5 2. Nf3 d6 3. Bc4 Be7 4. h3 Nf6 5. Nc3 0-0 6. d3 Bd7 7. 0-0 Nc6 8. Nd5 h6 9. Nxe7+ Qxe7 10. c3 b6 11. Nh4 Be6 12. Bxe6 Qxe6 13. Nf5 Ne7 1/2-1/2

[Event "SVK-chT3B2 1819"]
[Site "Slovakia"]
[Date "2019.03.24"]
[Round "10.4"]
[White "Tomko, Michal"]
[Black "Ficel, Viliam"]
[Result "1-0"]
[WhiteElo "1751"]
[BlackElo "1684"]
[PlyCount "101"]
[EventDate "2018.10.21"]
[EventType "team-tourn"]
[EventRounds "11"]
[EventCountry "SVK"]
[SourceTitle "CBM 189 Extra"]
[Source "ChessBase"]
[SourceDate "2019.06.03"]
[SourceVersion "1"]
[SourceVersionDate "2019.06.03"]
[SourceQuality "1"]
[WhiteTeam "Dubnica nad Vahom  III"]
[BlackTeam "Lehota pod Vtacnikom"]
[WhiteTeamCountry "SVK"]
[BlackTeamCountry "SVK"]

1. e4 e6 2. Qe2 d6 3. Nc3 Nd7 4. Nf3 Be7 5. d4 c6 6. Be3 Ngf6 7. h3 h6 8. Qd2 Nb6 9. Bd3 Bd7 10. 0-0-0 Qc7 11. Bf4 0-0-0 12. Kb1 g5 13. Be3 Ne8 14. Nh2 f5 15. f4 fxe4 16. Nxe4 d5 17. Nc5 gxf4 18. Bxf4 Bd6 19. Bxd6 Nxd6 20. Nf3 Ndc4 21. Qe2 Rde8 22. b3 e5 23. Nxd7 Nxd7 24. Rhe1 Na3+ 25. Kb2 Qa5 26. Nxe5 Nb5 27. Bxb5 Qxb5 28. Qxb5 cxb5 29. Nxd7 Kxd7 30. Rf1 b4 31. Rf7+ Re7 32. Rdf1 Rh7 33. R7f5 Kd6 34. Rh5 Ref7 35. Rxf7 Rxf7 36. Rxh6+ Kd7 37. g4 Rf4 38. Rh7+ Kc6 39. g5 Rxd4 40. g6 Rd2 41. Kc1 Rg2 42. h4 a5 43. h5 b5 44. Ra7 Kb6 45. Rf7 a4 46. g7 Rg1+ 47. Kd2 Kc5 48. h6 Rg2+ 49. Kd1 Kd4 50. h7 Ke3 51. Re7+ 1-0

[Event "SVK-chT3B2 1819"]
[Site "Slovakia"]
[Date "2018.12.09"]
[Round "4.5"]
[White "Kudlej, Adam"]
[Black "Ficel, Viliam"]
[Result "1-0"]
[WhiteElo "1545"]
[BlackElo "1684"]
[PlyCount "95"]
[EventDate "2018.10.21"]
[EventType "team-tourn"]
[EventRounds "11"]
[EventCountry "SVK"]
[SourceTitle "CBM 189 Extra"]
[Source "ChessBase"]
[SourceDate "2019.06.03"]
[SourceVersion "1"]
[SourceVersionDate "2019.06.03"]
[SourceQuality "1"]
[WhiteTeam "Belusa"]
[BlackTeam "Lehota pod Vtacnikom"]
[WhiteTeamCountry "SVK"]
[BlackTeamCountry "SVK"]

1. c4 e6 2. Nc3 Nf6 3. g3 c6 4. Bg2 Be7 5. e3 d6 6. Nge2 Nbd7 7. d4 Nb6 8. b3 Qc7 9. 0-0 0-0 10. Bb2 a6 11. Qc2 d5 12. c5 Nbd7 13. b4 e5 14. Rfe1 Ng4 15. h3 Nh6 16. a4 e4 17. b5 f5 18. Nf4 Nf6 19. h4 b6 20. cxb6 Qxb6 21. bxc6 Qxc6 22. Qb3 Be6 23. Nxe6 Qxe6 24. Ba3 Rab8 25. Qa2 Bxa3 26. Qxa3 Nf7 27. Rab1 Nd6 28. Bf1 Qc8 29. Nxd5 Nc4 30. Nxf6+ gxf6 31. Rxb8 Nxa3 32. Rxc8 Rxc8 33. Bxa6 Ra8 34. Bb5 Rb8 35. d5 Rd8 36. Rd1 Kf7 37. d6 Ke6 38. d7 Nxb5 39. axb5 Rxd7 40. Rxd7 Kxd7 41. Kg2 Kc7 42. f3 Kb6 43. fxe4 fxe4 44. g4 Kxb5 45. Kg3 Kc4 46. Kf4 Kd3 47. g5 f5 48. h5 1-0

[Event "SVK-chT3B2 1819"]
[Site "Slovakia"]
[Date "2018.11.25"]
[Round "3.4"]
[White "Kostelansky, Karol"]
[Black "Ficel, Viliam"]
[Result "1-0"]
[WhiteElo "1684"]
[BlackElo "1684"]
[PlyCount "131"]
[EventDate "2018.10.21"]
[EventType "team-tourn"]
[EventRounds "11"]
[EventCountry "SVK"]
[SourceTitle "CBM 189 Extra"]
[Source "ChessBase"]
[SourceDate "2019.06.03"]
[SourceVersion "1"]
[SourceVersionDate "2019.06.03"]
[SourceQuality "1"]
[WhiteTeam "Povazske Podhradie "]
[BlackTeam "Lehota pod Vtacnikom"]
[WhiteTeamCountry "SVK"]
[BlackTeamCountry "SVK"]

1. e4 e6 2. Nf3 d6 3. Nc3 Nd7 4. d4 Be7 5. Bd3 e5 6. Be3 Ngf6 7. 0-0 0-0 8. h3 c6 9. Qe2 Qc7 10. Nd2 Re8 11. Rae1 a6 12. f4 c5 13. dxe5 dxe5 14. a4 Bd6 15. Qf2 exf4 16. Bxf4 Bxf4 17. Qxf4 Qxf4 18. Rxf4 Ne5 19. Bc4 Be6 20. Bxe6 Rxe6 21. Nd5 Rd8 22. Nxf6+ gxf6 23. Rf2 Rd4 24. Nb3 Rc4 25. Rd2 b6 26. a5 b5 27. Ree2 Nc6 28. Rd5 Rexe4 29. Rxe4 Rxe4 30. Rxc5 Nb4 31. c3 Nd3 32. Rc6 Re6 33. Rc8+ Kg7 34. Nc5 Nxc5 35. Rxc5 Kg6 36. Kf2 f5 37. Rc8 Kg5 38. Rc7 Rf6 39. Rb7 Kf4 40. Rb6 Re6 41. Rb7 Rf6 42. Rd7 h6 43. Rd4+ Ke5 44. Kf3 Rc6 45. Rd7 Ke6 46. Rb7 Kf6 47. Rb6 Re6 48. Kf4 h5 49. h4 Kg6 50. Rxe6+ fxe6 51. Ke5 Kf7 52. g3 Ke7 53. b3 Kd7 54. c4 bxc4 55. bxc4 Ke7 56. c5 Kd7 57. Kf6 Kc6 58. Kxe6 Kxc5 59. Kxf5 Kb5 60. g4 hxg4 61. Kxg4 Kxa5 62. h5 Kb4 63. h6 a5 64. h7 a4 65. h8Q a3 66. Qa1 1-0

[Event "SVK-chT2B 1718"]
[Site "Slovakia"]
[Date "2018.03.17"]
[Round "10.4"]
[White "Bencik, Pavol"]
[Black "Ficel, Viliam"]
[Result "1-0"]
[WhiteElo "1954"]
[BlackElo "1716"]
[PlyCount "47"]
[EventDate "2017.10.28"]
[EventType "team-tourn"]
[EventRounds "11"]
[EventCountry "SVK"]
[SourceTitle "EXT 2020"]
[Source "ChessBase"]
[SourceDate "2019.10.17"]
[SourceVersion "1"]
[SourceVersionDate "2019.10.17"]
[SourceQuality "1"]
[WhiteTeam "Levice"]
[BlackTeam "Lehota pod Vtacnikom"]
[WhiteTeamCountry "SVK"]
[BlackTeamCountry "SVK"]

1. e4 e6 2. d4 d6 3. f4 Nd7 4. Nf3 Be7 5. Bd3 Ngf6 6. Nbd2 h6 7. c3 c6 8. e5 Nd5 9. Ne4 N7b6 10. c4 Nb4 11. exd6 Nxd3+ 12. Qxd3 Bf6 13. Bd2 Nd7 14. Ne5 Bxe5 15. dxe5 f5 16. exf6 Nxf6 17. Bc3 Rg8 18. 0-0-0 Nxe4 19. Qxe4 g6 20. Rhf1 Kd7 21. h4 h5 22. f5 exf5 23. Rxf5 Rf8 24. Re5 1-0

[Event "SVK-chT3B2 1617"]
[Site "Slovakia"]
[Date "2017.01.15"]
[Round "6.4"]
[White "Krajcovic, Miroslav"]
[Black "Ficel, Viliam"]
[Result "1/2-1/2"]
[WhiteElo "1739"]
[BlackElo "1749"]
[PlyCount "39"]
[EventDate "2016.10.16"]
[EventType "team-tourn"]
[EventRounds "11"]
[EventCountry "SVK"]
[SourceTitle "EXT 2018"]
[Source "ChessBase"]
[SourceDate "2017.10.13"]
[SourceVersion "1"]
[SourceVersionDate "2017.10.13"]
[SourceQuality "1"]
[WhiteTeam "Povazske Podhradie II"]
[BlackTeam "Lehota pod Vtacnikom"]
[WhiteTeamCountry "SVK"]
[BlackTeamCountry "SVK"]

1. e4 e6 2. b3 d6 3. Bb2 Nd7 4. Nf3 Ngf6 5. Nc3 c6 6. d4 Be7 7. Bd3 e5 8. Ne2 Qc7 9. c4 b6 10. d5 c5 11. 0-0 0-0 12. Ng3 h6 13. Nh4 Nh7 14. Nhf5 Ndf6 15. Bc1 Bxf5 16. Nxf5 Ng5 17. f4 exf4 18. Rxf4 Rfe8 19. Ng3 Bf8 20. Qc2 1/2-1/2